000 00634nam a22002177a 4500
003 OSt
005 20140310182954.0
008 130207t xxu||||| |||| 00| 0 eng d
020 _a9718581545
050 _aLB 2822.75
_b.B36 2003
100 _aBandiola, Dr. Expeditha I.
245 _aAssessing student learning /
_cDr. Expeditha I. Bandiola.
260 _aQuezon City :
_bGreat Books Trading,
_c2003.
300 _a182 p. :
_bill. ;
_c22 cm.
521 _aEDU
650 _aGrading and marking (Students).
650 _aEducational Measurements and Evaluation.
942 _2lcc
_cBK
_kLOC
999 _c17970
_d17970